| 000 | 00660nam a2200181Ia 4500 | ||
|---|---|---|---|
| 008 | 090124s9999 xx 000 0 und d | ||
| 082 | _b32753 | ||
| 100 | _aबर्वे राजेंद्र | ||
| 245 | _a मनोविकार कथा आणि व्यथा | ||
| 250 | _a1 | ||
| 260 |
_bडिंपल पब्लिकेशन _c1991 |
||
| 300 | _a240 | ||
| 600 | _aबर्वे राजेंद्र | ||
| 630 | _a मनोविकार कथा आणि व्यथा | ||
| 700 | _aबर्वे राजेंद्र | ||
| 730 | _a मनोविकार कथा आणि व्यथा | ||
| 942 | _cBOOK | ||
| 999 |
_c98596 _d98596 |
||